| 000 | 00388cam a2200169ua 4500 | ||
|---|---|---|---|
| 020 | _c0.75 | ||
| 041 |
_amal _h |
||
| 082 |
_a894.812308 _bAYY/NE |
||
| 100 | _aAyyaneth , P . | ||
| 245 |
_aNellikka / _cP Ayyaneth. _hTextual Documents |
||
| 260 |
_aThrissur : _bCurrent Books , _c1962. |
||
| 300 | _a51 ; . | ||
| 365 | _a0.75 | ||
| 504 | _a | ||
| 942 | _cBK | ||
| 999 |
_c3610 _d3610 |
||